01692nam a2200301 a 450000100100000000500170001000800410002704000250006808200210009310000480011424501460016226000360030830000280034450000610037265100580043365100450049165000460053665000480058265000430063070000450067304900090071895201340072795201340086195201340099595201190112995201250124899900170137300001765520200929165202.0100329s1998 dr a 000 0 spa d aDO-SdBNPbspacBNPHU a330.97293bR696e1 aRodríguez Jiménez, Julio César93847410aEconomía, ciencia y tecnología en República Dominicana 1991-1997 /cJulio Cesar Rodríguez Jiménez; prologo Pedro Julio Bona Prandy. aSanto Domingo :bBúho,c1998. a207 p. :bil. ;c21 cm. aIncluye datos biográficos del autor en la página 202 4aRepública DominicanaxCondiciones Económicas9281 4aRepública DominicanaxIndustrias98277 4aAgriculturazRepública Dominicana91568 4aTecnologíazRepública Dominicana937340 4aCienciazRepública Dominicana9384751 aBona Prandy, Pedro Julioepról.915995 aBNPD 001052708DSaGRbGRcHDd2013-07-31iLF1l0o330.97293 R696ep17655-40r2020-06-25te. 3w2020-06-25yLFDSZPréstamo interno 001052708DSaGRbGRcHDd2013-07-31iLF1l0o330.97293 R696ep17655-50r2020-06-25te. 4w2020-06-25yLFDSZPréstamo interno 001154708DSaGRbGRcMId2015-05-15iLF1l0o330.97293 R696ep17655-60r2020-06-25te. 5w2020-06-25yLFDSZPréstamo en sala 0010718PDaPDbPDcHDd2010-03-29iLF1l0o330.97293 R696ep17655-10r2020-06-25w2020-06-25yLFPDZNo se presta 0010718PDaPDbPDcHDd2013-04-12iLF1l0o330.97293 R696ep17655-30r2020-06-25te. 2w2020-06-25yLFPDZNo se presta c17180d17180